| 000 | 00354 a2200157 4500 | ||
|---|---|---|---|
| 001 | 48280 | ||
| 020 | _a9788508047369 | ||
| 040 | _cAnchieta - Bela Vista | ||
| 100 | _aIacocca, Michele | ||
| 240 | 1 | 0 |
_aSerafina sem rotina _l |
| 245 | 1 | 0 | _aSerafina sem rotina |
| 300 | _a48p. | ||
| 362 | 0 | _a1999 | |
| 650 | 4 | _aLiteratura infanto-juvenil | |
| 942 | _cBK | ||
| 999 |
_c48280 _d48280 |
||